| Record ID | ia:darkisrisingcomp00coop |
| Source | Internet Archive |
| Download MARC XML | https://archive.org/download/darkisrisingcomp00coop/darkisrisingcomp00coop_marc.xml |
| Download MARC binary | https://www.archive.org/download/darkisrisingcomp00coop/darkisrisingcomp00coop_meta.mrc |
LEADER: 00993nam a2200313 a 4500
001 2010929805
003 DLC
005 20110414101919.0
008 100601r20101965nyu d 000 1 eng
010 $a 2010929805
020 $a9781442412538 (pbk.)
040 $aDLC$cDLC
042 $alcac$apcc
050 00 $aPZ7.C7878$bDar 2010
082 00 $a[Fic]$222
100 1 $aCooper, Susan,$d1935-
245 14 $aThe dark is rising :$bthe complete sequence /$cSusan Cooper.
250 $a1st ed.
260 $aNew York :$bMargaret K. McElderry Books,$c[2010?]
300 $a1082 p. ;$c23 cm.
500 $aPreviously published as individual works.
521 1 $aAges 12 up.
505 0 $aOver sea, under stone -- The dark is rising -- Greenwitch -- The grey king -- Silver on the tree.
650 1 $aFantasy.
650 1 $aGood and evil$vFiction.
650 1 $aSpace and time$vFiction.
651 1 $aCornwall (England : County)$vFiction.
651 1 $aEngland$vFiction.
651 1 $aWales$vFiction.